| 000 | 00497nam a2200205Ia 4500 | ||
|---|---|---|---|
| 005 | 20250425162324.0 | ||
| 008 | 250425s9999 xx 000 0 und d | ||
| 020 | _a9978340068 | ||
| 041 | _aspa | ||
| 082 | _a658.4 | ||
| 245 | 0 | _aA QUE TE ATREVES: MANUAL PARA EMPRENDEDORES | |
| 250 | _a1A ED. | ||
| 260 |
_aEcuador _bUNIVERSIDAD ALFREDO PEREZ GUERRERO _c2006 |
||
| 260 | _aS.L. | ||
| 300 | _a111 | ||
| 650 | _aEMPRENDEDORES | ||
| 650 | _aEMPRESARIOS | ||
| 942 | _c01 | ||
| 010 | _a62224 | ||
| 999 |
_c226865 _d226865 |
||